000 00591nam a22002057a 4500
003 OSt
005 20260203084631.0
008 260203b |||||||| |||| 00| 0 eng d
020 _a981-254-467-4.
040 _aDWC-Main lib.
_cOC
082 _aCirc. 174 R877e 2003
100 _aRowan, John R.
245 _aEthics for professions/
_cJohn R. Rowan
260 _aSingapore :
_bThomson Learning Asia,
_cc2003.
300 _aix, 445 p. ;
_c23 cm.
504 _aIncludes index.
650 _a1. Professional ethics.
700 _aZinach, Samuel Jr.
942 _2ddc
_cBK-CIRC
_hCirc.
_n0
999 _c8223
_d8223